ბათუმის შოთა რუსთაველის სახელმწიფო უნივერსიტეტის ბიბლიოთეკა

ქუთაისის 1921 წლის 17-18 მარტის საზავო მოლაპარაკება / (ბიბ.ჩანაწერი № 58165)

000 -ლიდერი
ფიქსირებული სიგრძის საკონტროლო ველი 01774nam a22002657a 4500
003 - საკონტროლო ნომრის იდენტიფიკატორი
საკონტროლო ველი Ge_BSU
005 - ბოლო ოპერაციის თარიღი და დრო
საკონტროლო ველი 20210719114947.0
008 - ფიქსირებული სიგრძის მონაცემთა ელემენტები - ზოგადი ინფორმაცია
ფიქსირებული სიგრძის საკონტროლო ველი 210719s2019 ge ||||| |||| 00| 0 geo d
020 ## - წიგნის საერთაშორისო სტანდარტული ნომერი
International Standard Book Number 9789941812323
041 ## - ენის კოდი
Language code of text/sound track or separate title geo
080 ## - უნივერსალური ათობითი კლასიფიკაციის ინდექსი
Universal Decimal Classification number 94(479.22)"1921" ვ-19
100 ## - მთავარი ჩანაწერი - პიროვნების სახელი
Personal name ვადაჭკორია, შოთა.
9 (RLIN) 5487
245 ## - ცნობა სათაურის შესახებ
Title ქუთაისის 1921 წლის 17-18 მარტის საზავო მოლაპარაკება /
Statement of responsibility, etc შოთა ვადაჭკორია ; რედაქტორი ანზორ სიჭინავა ; საქართველოს ტექნიკური უნივერსიტეტი, სოციალურ მეცნიერებათა დეპარტამენტი.
264 ## - წარმოების, გამოცემის, დისტრიბუციის და სხვა ცნობები
გამოცემის, წარმოების, დისტრიბუციის... ადგილი თბილისი :
გამოცემის, წარმოების, დისტრიბუციის... სახელწოდება სამშობლო,
გამოცემის, წარმოების, დისტრიბუციის... თარიღი 2019.
300 ## - ფიზიკური აღწერა
Extent 108 გვ. :
Other physical details რუკები ;
Dimensions 20 სმ.
500 ## - ზოგადი შენიშვნა
General note წიგნი დაიბეჭდა ავტორის ხარჯით.
501 ## - შენიშვნა თანმხლებ მასალაზე
With note შენიშვნები: გვ. 100-103.
504 ## - BIBLIOGRAPHY, ETC. NOTE
Bibliography, etc ბიბლიოგრაფია: გვ. 26.
520 ## - SUMMARY, ETC.
Summary, etc რეზიუმე ინგლისურ ენაზე.
653 ## - INDEX TERM--UNCONTROLLED
Uncontrolled term საქართველოს ოკუპაცია რუსეთის მიერ
653 ## - INDEX TERM--UNCONTROLLED
Uncontrolled term 1921 წელი -საქართველოს გასაბჭოება.
700 ## - ADDED ENTRY--PERSONAL NAME
Personal name სიჭინავა, ანზორ
Relator term რედაქტორი
9 (RLIN) 12280
710 ## - ADDED ENTRY--CORPORATE NAME
Corporate name or jurisdiction name as entry element საქართველოს ტექნიკური უნივერსიტეტი
Subordinate unit სოციალურ მეცნიერებათა დეპარტამენტი
9 (RLIN) 12254
942 ## - ADDED ENTRY ELEMENTS (KOHA)
Source of classification or shelving scheme
Koha item type წიგნი
ეგზემპლარები
ჩამოწერის სტატუსი დაკარგული ეგზემპლარის სტატუსი კლასიფიკაციის წყარო ან თაროზე გაწყობის სქემა დაზიანების სტატუსი არ გაიცემა მუდმივი მდებარეობა (დაცვის ადგილი) ამჟამინდელი ადგილსამყოფელი თაროზე განთავსების ადგილი შეძენის თარიღი ღირებულება, შესყიდვის ნორმალური ფასი სრული შენახვის შიფრი შტრიხკოდი ბოლო ოპერაციის თარიღი ეგზემპლარის მიმდევრობითი ნომერი (კეტერი?) ფასის ძალაში შესვლის თარიღი ეგზემპლარის სახეობა საჯარო შენიშვნა
          ბათუმის შოთა რუსთაველის სახელმწიფო უნივერსიტეტის მთავარი ბიბლიოთეკა ბათუმის შოთა რუსთაველის სახელმწიფო უნივერსიტეტის მთავარი ბიბლიოთეკა წიგნსაცავი 2021-07-19 5.00 94(479.22) ვ-12 61481 2021-07-19 61481 2021-07-19 წიგნი 5 ლ.